[Event "Moscow Open 2018 F"]
[Site "?"]
[Date "2018.01.31"]
[Round "6.13"]
[White "Porozhnyak, Maya"]
[Black "Styazhkina, Anna"]
[Result "0-1"]
[BlackElo "2283"]
[WhiteElo "2065"]
[LiveChessVersion "1.4.8"]

1. e4 {[%clk 1:30:37]} e5 {[%clk 1:28:47]} 2. Nf3 {[%clk 1:31:05]} Nc6
{[%clk 1:29:08]} 3. d4 {[%clk 1:31:34]} exd4 {[%clk 1:29:08]} 4. Nxd4
{[%clk 1:32:02]} Nf6 {[%clk 1:29:12]} 5. Nxc6 {[%clk 1:32:31]} bxc6
{[%clk 1:29:33]} 6. Bd3 {[%clk 1:32:58]} d5 {[%clk 1:29:43]} 7. e5
{[%clk 1:33:27]} Nd7 {[%clk 1:29:49]} 8. O-O {[%clk 1:33:35]} Nc5
{[%clk 1:29:10]} 9. Be2 {[%clk 1:25:37]} Be7 {[%clk 1:24:18]} 10. Be3
{[%clk 1:21:31]} O-O {[%clk 1:23:12]} 11. c3 {[%clk 1:20:35]} f6 {[%clk 1:20:11]}
12. exf6 {[%clk 1:13:37]} Rxf6 {[%clk 1:20:01]} 13. Nd2 {[%clk 1:11:39]} Ne6
{[%clk 1:12:14]} 14. Qa4 {[%clk 1:08:44]} Bd7 {[%clk 1:01:31]} 15. Nf3
{[%clk 0:56:38]} Bd6 {[%clk 0:59:06]} 16. g3 {[%clk 0:50:48]} Qf8
{[%clk 0:50:20]} 17. Nd4 {[%clk 0:44:32]} Nc5 {[%clk 0:47:35]} 18. Qc2
{[%clk 0:44:06]} Re8 {[%clk 0:43:08]} 19. Bg5 {[%clk 0:39:15]} Rf7
{[%clk 0:35:32]} 20. Be3 {[%clk 0:35:51]} Ne4 {[%clk 0:29:40]} 21. Bd3
{[%clk 0:30:13]} c5 {[%clk 0:21:05]} 22. Nb5 {[%clk 0:30:10]} c4 {[%clk 0:09:27]}
23. Bxe4 {[%clk 0:30:30]} Rxe4 {[%clk 0:09:17]} 24. Nxd6 {[%clk 0:30:34]} Qxd6
{[%clk 0:09:38]} 25. Rad1 {[%clk 0:23:50]} Qe6 {[%clk 0:08:09]} 26. Bxa7
{[%clk 0:18:44]} Rf3 {[%clk 0:00:57]} 27. Rd4 {[%clk 0:11:00]} Re2
{[%clk 0:00:32]} 28. Rd2 {[%clk 0:11:09]} Re1 {[%clk 0:00:38]} 29. Rxe1
{[%clk 0:07:51]} Qxe1+ {[%clk 0:01:06]} 30. Kg2 {[%clk 0:08:21]} Rf6
{[%clk 0:00:36]} 31. Qd1 {[%clk 0:06:39]} Qe6 {[%clk 0:00:32]} 32. Qe2
{[%clk 0:05:10]} Qh3+ {[%clk 0:00:35]} 33. Kg1 {[%clk 0:05:40]} Bg4
{[%clk 0:00:32]} 34. Qf1 {[%clk 0:05:24]} Qh5 {[%clk 0:00:47]} 35. f4 Ra6 36. Bc5
Rxa2 37. Ba3 Qf5 38. Qe1 h6 39. Kf2 c6 40. Qe8+ Kh7 41. Qxc6 Ra1 42. Qxd5 Qb1 43.
Qe5 Qg1# 0-1

[Event "Moscow Open 2018 F"]
[Site "?"]
[Date "2018.01.31"]
[Round "6.14"]
[White "Oguzov, Shamil"]
[Black "Ustich, Ekaterina"]
[Result "1-0"]
[BlackElo "2022"]
[WhiteElo "2220"]
[LiveChessVersion "1.4.8"]

1. d4 {[%clk 1:23:39]} Nf6 {[%clk 1:30:46]} 2. c4 {[%clk 1:22:21]} e6
{[%clk 1:31:07]} 3. g3 {[%clk 1:22:49]} d5 {[%clk 1:31:16]} 4. Nf3
{[%clk 1:22:57]} Be7 {[%clk 1:25:07]} 5. Bg2 {[%clk 1:23:17]} O-O
{[%clk 1:25:28]} 6. O-O {[%clk 1:23:43]} Nbd7 {[%clk 1:20:06]} 7. Qc2
{[%clk 1:11:03]} c5 {[%clk 1:16:09]} 8. Rd1 {[%clk 1:10:08]} cxd4
{[%clk 1:12:15]} 9. Nxd4 {[%clk 1:06:44]} dxc4 {[%clk 1:09:01]} 10. Qxc4
{[%clk 1:04:56]} Nb6 {[%clk 1:05:18]} 11. Qc2 {[%clk 1:03:35]} Nbd5
{[%clk 1:00:08]} 12. a3 {[%clk 0:59:21]} Qc7 {[%clk 0:55:34]} 13. Qxc7
{[%clk 0:49:52]} Nxc7 {[%clk 0:55:56]} 14. Nf3 {[%clk 0:49:45]} Bd7
{[%clk 0:49:03]} 15. Ne5 {[%clk 0:47:42]} Bb5 {[%clk 0:37:46]} 16. Bxb7
{[%clk 0:37:36]} Bxe2 {[%clk 0:30:25]} 17. Re1 {[%clk 0:37:39]} Rab8
{[%clk 0:30:40]} 18. Nc6 {[%clk 0:37:49]} Rxb7 {[%clk 0:31:05]} 19. Nxe7+
{[%clk 0:38:12]} Kh8 {[%clk 0:31:32]} 20. Rxe2 {[%clk 0:38:09]} Nb5
{[%clk 0:28:28]} 21. Be3 {[%clk 0:34:37]} Rxe7 {[%clk 0:18:32]} 22. Bc5
{[%clk 0:34:57]} Rc7 {[%clk 0:18:54]} 23. Bxf8 {[%clk 0:28:22]} Rc1+
{[%clk 0:19:19]} 24. Kg2 {[%clk 0:28:49]} Nd4 {[%clk 0:19:45]} 25. Rd2
{[%clk 0:08:10]} Nb3 {[%clk 0:16:55]} 26. Ra2 {[%clk 0:08:23]} Rxb1
{[%clk 0:12:36]} 27. Rd8 {[%clk 0:08:42]} h6 {[%clk 0:12:26]} 28. Be7+
{[%clk 0:07:12]} Ng8 {[%clk 0:12:52]} 29. a4 {[%clk 0:06:23]} Kh7
{[%clk 0:13:14]} 30. Bb4 {[%clk 0:05:18]} Nc1 {[%clk 0:13:11]} 31. Ra3
{[%clk 0:05:47]} Rxb2 {[%clk 0:13:36]} 32. Bc3 {[%clk 0:05:52]} Rb7
{[%clk 0:13:48]} 33. a5 {[%clk 0:04:54]} Ne7 {[%clk 0:12:07]} 34. a6
{[%clk 0:05:20]} Rc7 {[%clk 0:12:34]} 35. Rb8 {[%clk 0:05:05]} Nd5
{[%clk 0:11:42]} 36. Rb7 {[%clk 0:05:21]} Nd3 {[%clk 0:11:05]} 37. Rxc7
{[%clk 0:04:13]} Nxc7 {[%clk 0:11:28]} 38. Ba5 1-0

[Event "Moscow Open 2018 F"]
[Site "?"]
[Date "2018.01.31"]
[Round "6.15"]
[White "Lugovets, Dmitry"]
[Black "Makarenko, Aleksandr"]
[Result "0-1"]
[BlackElo "2166"]
[WhiteElo "1975"]
[LiveChessVersion "1.4.8"]

1. d4 {[%clk 1:28:16]} Nf6 {[%clk 1:29:57]} 2. Bg5 {[%clk 1:28:39]} g6
{[%clk 1:29:07]} 3. Bxf6 {[%clk 1:29:02]} exf6 {[%clk 1:29:34]} 4. h4
{[%clk 1:29:26]} h5 {[%clk 1:28:25]} 5. e3 {[%clk 1:29:49]} d6 {[%clk 1:27:35]}
6. c4 {[%clk 1:29:34]} c6 {[%clk 1:26:46]} 7. Nc3 {[%clk 1:29:53]} Bh6
{[%clk 1:26:02]} 8. g3 {[%clk 1:27:41]} O-O {[%clk 1:21:38]} 9. Bg2
{[%clk 1:26:36]} Re8 {[%clk 1:18:45]} 10. Nge2 {[%clk 1:26:16]} Bg4
{[%clk 1:15:43]} 11. Qc2 {[%clk 1:26:28]} Qe7 {[%clk 1:08:18]} 12. O-O-O
{[%clk 1:16:53]} Na6 {[%clk 1:04:18]} 13. a3 {[%clk 1:14:19]} Rab8
{[%clk 1:00:40]} 14. Kb1 {[%clk 1:13:54]} Nc7 {[%clk 0:56:36]} 15. Rhe1
{[%clk 1:00:30]} Rec8 {[%clk 0:48:50]} 16. d5 {[%clk 0:48:05]} c5
{[%clk 0:44:41]} 17. f3 {[%clk 0:47:43]} Bd7 {[%clk 0:43:34]} 18. Nf4
{[%clk 0:45:24]} b5 {[%clk 0:41:45]} 19. cxb5 {[%clk 0:45:26]} Nxb5
{[%clk 0:40:11]} 20. Ka1 {[%clk 0:38:47]} Bg7 {[%clk 0:39:44]} 21. Nxb5
{[%clk 0:36:35]} Rxb5 {[%clk 0:39:11]} 22. Bf1 {[%clk 0:36:58]} Rb6
{[%clk 0:35:29]} 23. b3 {[%clk 0:32:50]} f5+ {[%clk 0:27:58]} 24. Ka2
{[%clk 0:33:17]} a5 {[%clk 0:17:04]} 25. Rb1 {[%clk 0:32:07]} Rcb8
{[%clk 0:15:00]} 26. Bc4 {[%clk 0:17:47]} Qe5 {[%clk 0:12:10]} 27. a4
{[%clk 0:15:52]} Bc8 {[%clk 0:09:15]} 28. Qf2 {[%clk 0:09:41]} Bd7
{[%clk 0:04:40]} 29. Nd3 {[%clk 0:09:39]} Qe8 {[%clk 0:05:06]} 30. Qc2
{[%clk 0:09:29]} Ra8 {[%clk 0:02:51]} 31. e4 {[%clk 0:08:20]} fxe4
{[%clk 0:03:05]} 32. fxe4 {[%clk 0:07:32]} Bd4 {[%clk 0:03:08]} 33. Nf4
{[%clk 0:05:21]} Rb4 {[%clk 0:02:40]} 34. Nd3 {[%clk 0:05:44]} Bxa4
{[%clk 0:02:53]} 35. Nxb4 {[%clk 0:02:53]} axb4 {[%clk 0:03:15]} 36. Ra1
{[%clk 0:02:21]} Bb5+ {[%clk 0:03:36]} 0-1

[Event "Moscow Open 2018 F"]
[Site "?"]
[Date "2018.01.31"]
[Round "6.16"]
[White "Manko, Stanislav"]
[Black "Jaiswal, Rupesh"]
[Result "1/2-1/2"]
[BlackElo "2152"]
[WhiteElo "1805"]
[LiveChessVersion "1.4.8"]

1. d4 Nf6 {[%clk 1:30:56]} 2. Nf3 {[%clk 1:26:29]} g6 {[%clk 1:31:21]} 3. c4
{[%clk 1:26:49]} Bg7 {[%clk 1:31:46]} 4. Nc3 {[%clk 1:27:07]} d5 {[%clk 1:32:12]}
5. e3 {[%clk 1:26:33]} O-O {[%clk 1:32:27]} 6. Be2 {[%clk 1:26:40]} c6
{[%clk 1:28:26]} 7. O-O {[%clk 1:26:43]} a6 {[%clk 1:27:45]} 8. a3
{[%clk 1:26:01]} h6 {[%clk 1:23:02]} 9. cxd5 {[%clk 1:26:02]} Nxd5
{[%clk 1:22:44]} 10. Nxd5 {[%clk 1:26:23]} Qxd5 {[%clk 1:22:40]} 11. b3
{[%clk 1:24:50]} c5 {[%clk 1:15:50]} 12. Ra2 {[%clk 1:19:51]} Nc6
{[%clk 1:13:26]} 13. dxc5 {[%clk 1:09:46]} Qxc5 {[%clk 1:13:11]} 14. b4
{[%clk 1:09:13]} Qb6 {[%clk 1:12:50]} 15. Rd2 {[%clk 0:58:42]} Be6
{[%clk 1:10:51]} 16. Bb2 {[%clk 0:58:21]} Bxb2 {[%clk 1:05:35]} 17. Rxb2
{[%clk 0:58:44]} Rfd8 {[%clk 1:06:02]} 18. Rd2 {[%clk 0:59:01]} Rxd2
{[%clk 1:04:24]} 19. Qxd2 {[%clk 0:59:25]} Rd8 {[%clk 1:04:52]} 20. Qc3
{[%clk 0:39:31]} Qc7 {[%clk 0:56:04]} 21. Rd1 {[%clk 0:39:01]} Rxd1+
{[%clk 0:55:22]} 22. Bxd1 {[%clk 0:39:26]} Qd6 {[%clk 0:55:10]} 23. Be2
{[%clk 0:37:37]} Bd5 {[%clk 0:48:51]} 24. Qd2 {[%clk 0:31:03]} Qe6
{[%clk 0:44:02]} 25. Nd4 {[%clk 0:30:21]} Nxd4 {[%clk 0:39:17]} 26. Qxd4
{[%clk 0:30:24]} Bc6 {[%clk 0:39:44]} 27. Bc4 {[%clk 0:27:58]} Qe4
{[%clk 0:32:39]} 28. Qxe4 {[%clk 0:28:09]} Bxe4 {[%clk 0:33:08]} 29. f3
{[%clk 0:28:15]} Bc6 {[%clk 0:33:36]} 30. Kf2 {[%clk 0:28:36]} Kf8
{[%clk 0:32:49]} 31. e4 {[%clk 0:28:54]} e5 {[%clk 0:32:19]} 32. Ke3
{[%clk 0:28:32]} Ke7 {[%clk 0:32:39]} 33. g3 {[%clk 0:28:27]} f6 {[%clk 0:28:43]}
34. h4 {[%clk 0:24:54]} g5 {[%clk 0:27:55]} 35. h5 {[%clk 0:23:48]} Kd6
{[%clk 0:27:20]} 36. g4 {[%clk 0:23:57]} Ba4 {[%clk 0:26:31]} 37. Be2
{[%clk 0:23:44]} Kc6 {[%clk 0:25:17]} 38. Kd2 {[%clk 0:24:04]} Kb6
{[%clk 0:23:43]} 39. Kc3 {[%clk 0:24:11]} a5 {[%clk 0:22:22]} 40. Kb2
{[%clk 0:24:04]} axb4 {[%clk 0:17:54]} 41. axb4 {[%clk 0:24:19]} Bd7
{[%clk 0:16:31]} 42. Kc3 {[%clk 0:22:54]} Bc6 {[%clk 0:16:18]} 43. Kb2
{[%clk 0:22:53]} Ba4 {[%clk 0:16:32]} 44. Ka3 {[%clk 0:23:02]} Be8
{[%clk 0:15:56]} 45. Kb2 {[%clk 0:23:08]} Kc6 {[%clk 0:15:43]} 46. Kc2
{[%clk 0:22:29]} Kc7 {[%clk 0:15:07]} 47. Kc3 {[%clk 0:22:12]} Kb6
{[%clk 0:15:11]} 48. Kb2 {[%clk 0:22:00]} Bc6 {[%clk 0:12:52]} 49. Kc3
{[%clk 0:21:56]} Ba4 {[%clk 0:11:00]} 50. Kb2 {[%clk 0:22:07]} Kc6
{[%clk 0:11:21]} 51. Kc3 {[%clk 0:22:21]} Bb5 {[%clk 0:11:46]} 52. Bxb5+
{[%clk 0:22:44]} Kxb5 {[%clk 0:12:15]} 53. Kb3 {[%clk 0:23:06]} Kb6
{[%clk 0:11:29]} 54. Kc4 {[%clk 0:21:27]} Kc6 {[%clk 0:11:46]} 55. b5+
{[%clk 0:21:32]} Kb6 {[%clk 0:10:24]} 56. Kb4 {[%clk 0:21:55]} Kc7
{[%clk 0:10:42]} 57. Kc4 {[%clk 0:22:16]} Kd7 {[%clk 0:10:46]} 58. Kc5
{[%clk 0:21:48]} Kc7 {[%clk 0:11:06]} 59. b6+ {[%clk 0:21:39]} Kd7
{[%clk 0:11:25]} 60. Kd5 {[%clk 0:22:00]} Ke7 {[%clk 0:11:51]} 61. Kc4
{[%clk 0:21:32]} Kd6 {[%clk 0:11:38]} 62. Kb5 {[%clk 0:21:50]} Kd7
{[%clk 0:12:04]} 63. Kc5 {[%clk 0:22:08]} Ke6 {[%clk 0:12:25]} 64. Kc4
{[%clk 0:22:22]} Kd6 {[%clk 0:12:00]} 65. Kb5 {[%clk 0:22:16]} Ke6
{[%clk 0:12:21]} 66. Kc5 {[%clk 0:22:16]} Kd7 {[%clk 0:12:50]} 67. Kd5
{[%clk 0:22:06]} Ke7 {[%clk 0:13:17]} 68. Kc5 {[%clk 0:21:36]} Ke6
{[%clk 0:13:39]} 69. Kc4 {[%clk 0:21:07]} Kd7 {[%clk 0:13:56]} 70. Kd5 Ke7
{[%clk 0:14:22]} 1/2-1/2

[Event "Moscow Open 2018 F"]
[Site "?"]
[Date "2018.02.01"]
[Round "7.1"]
[White "Fotin, Vladimir"]
[Black "Paravyan, David"]
[Result "0-1"]
[BlackElo "2603"]
[WhiteElo "2315"]
[LiveChessVersion "1.4.8"]

1. c4 {[%clk 1:22:35]} e5 {[%clk 1:30:43]} 2. g3 {[%clk 1:22:51]} d6
{[%clk 1:30:09]} 3. Bg2 {[%clk 1:22:59]} f5 {[%clk 1:30:34]} 4. Nc3
{[%clk 1:18:58]} Nf6 {[%clk 1:30:58]} 5. e3 {[%clk 1:19:16]} c6 {[%clk 1:30:15]}
6. d4 {[%clk 1:02:11]} Be7 {[%clk 1:25:50]} 7. Nge2 {[%clk 1:01:41]} O-O
{[%clk 1:25:44]} 8. O-O {[%clk 1:01:23]} Na6 {[%clk 1:17:05]} 9. b3
{[%clk 0:58:28]} Qe8 {[%clk 1:15:34]} 10. Ba3 {[%clk 0:56:05]} Nc7
{[%clk 1:08:30]} 11. Qd2 {[%clk 0:49:41]} e4 {[%clk 1:03:23]} 12. d5
{[%clk 0:40:41]} c5 {[%clk 1:03:48]} 13. Bb2 {[%clk 0:38:49]} Ng4
{[%clk 1:03:16]} 14. f3 {[%clk 0:33:17]} exf3 {[%clk 1:03:27]} 15. Rxf3
{[%clk 0:33:29]} Qh5 {[%clk 1:00:30]} 16. h3 {[%clk 0:24:41]} Ne5
{[%clk 1:00:41]} 17. Rf2 {[%clk 0:24:36]} Qh6 {[%clk 0:58:30]} 18. Nf4
{[%clk 0:24:13]} g5 {[%clk 0:47:20]} 19. Ne6 {[%clk 0:18:26]} Nxe6
{[%clk 0:47:34]} 20. dxe6 {[%clk 0:18:50]} Bxe6 {[%clk 0:48:02]} 21. Nd5
{[%clk 0:17:37]} Bd8 {[%clk 0:48:29]} 22. Raf1 {[%clk 0:17:53]} Rf7
{[%clk 0:48:56]} 23. Bc3 {[%clk 0:16:37]} Bd7 {[%clk 0:32:44]} 24. a4
{[%clk 0:15:54]} Rb8 {[%clk 0:31:59]} 25. Qc2 {[%clk 0:14:30]} Be6
{[%clk 0:28:26]} 26. Bxe5 {[%clk 0:08:03]} dxe5 {[%clk 0:28:20]} 27. Rxf5
{[%clk 0:08:28]} Bxf5 {[%clk 0:28:19]} 28. Rxf5 {[%clk 0:08:51]} Bf6
{[%clk 0:23:52]} 29. Qe4 {[%clk 0:07:07]} Rbf8 {[%clk 0:23:30]} 30. Qg4
{[%clk 0:06:48]} Kh8 {[%clk 0:19:03]} 31. Kh2 {[%clk 0:06:20]} Qg6
{[%clk 0:17:15]} 32. Be4 {[%clk 0:05:15]} Bg7 {[%clk 0:13:52]} 33. Ne7
{[%clk 0:02:04]} Qd6 {[%clk 0:13:18]} 34. Rxf7 {[%clk 0:02:12]} Rxf7
{[%clk 0:13:26]} 35. Nd5 {[%clk 0:01:12]} Qf8 {[%clk 0:11:17]} 36. Bg2
{[%clk 0:00:46]} Rf5 {[%clk 0:08:46]} 37. Nc3 {[%clk 0:01:03]} e4
{[%clk 0:06:19]} 38. Nd5 {[%clk 0:01:26]} Be5 {[%clk 0:03:58]} 39. Bxe4
{[%clk 0:01:26]} Rf1 {[%clk 0:03:30]} 40. Bg2 {[%clk 0:01:11]} Rf5
{[%clk 0:03:23]} 41. Ne7 {[%clk 0:01:04]} Bxg3+ {[%clk 0:03:18]} 42. Kg1
{[%clk 0:00:48]} Rf1+ {[%clk 0:03:42]} 0-1

[Event "Moscow Open 2018 F"]
[Site "?"]
[Date "2018.02.01"]
[Round "7.2"]
[White "Mokshanov, Alexey"]
[Black "Lugovskoy, Maxim"]
[Result "1/2-1/2"]
[BlackElo "2459"]
[WhiteElo "2415"]
[LiveChessVersion "1.4.8"]

1. e4 {[%clk 1:30:57]} e6 {[%clk 1:30:28]} 2. d4 {[%clk 1:31:22]} d5
{[%clk 1:30:54]} 3. exd5 {[%clk 1:31:48]} exd5 {[%clk 1:31:20]} 4. Nf3
{[%clk 1:32:15]} Bd6 {[%clk 1:30:03]} 5. Bd3 {[%clk 1:32:39]} Nc6
{[%clk 1:30:02]} 6. c3 {[%clk 1:31:35]} Nge7 {[%clk 1:28:54]} 7. Bg5
{[%clk 1:28:44]} Bg4 {[%clk 1:22:52]} 8. Nbd2 {[%clk 1:28:41]} Qd7
{[%clk 1:23:18]} 9. Qc2 {[%clk 1:18:48]} f6 {[%clk 1:22:42]} 10. Bh4
{[%clk 1:16:56]} Qe6+ {[%clk 1:23:07]} 11. Kf1 {[%clk 1:17:18]} O-O-O
{[%clk 1:16:21]} 12. Re1 {[%clk 1:17:33]} Qd7 {[%clk 1:16:17]} 13. Bg3
{[%clk 1:16:35]} g5 {[%clk 1:00:27]} 14. h3 {[%clk 1:02:30]} Be6 {[%clk 0:57:13]}
15. Bxd6 {[%clk 0:47:30]} Qxd6 {[%clk 0:55:57]} 16. Ke2 {[%clk 0:47:35]} h5
{[%clk 0:53:28]} 17. Kd1 {[%clk 0:45:30]} Rdg8 {[%clk 0:51:36]} 18. Kc1
{[%clk 0:42:43]} Kb8 {[%clk 0:50:28]} 19. Nf1 {[%clk 0:25:55]} h4
{[%clk 0:46:29]} 20. Ne3 {[%clk 0:22:45]} Bf7 {[%clk 0:46:53]} 21. Nh2
{[%clk 0:14:14]} Be6 {[%clk 0:22:20]} 22. Nhg4 {[%clk 0:09:53]} Rf8
{[%clk 0:20:26]} 23. Nf5 {[%clk 0:09:37]} Nxf5 {[%clk 0:15:54]} 24. Bxf5
{[%clk 0:10:04]} Qf4+ {[%clk 0:15:51]} 25. Ne3 {[%clk 0:10:30]} Re8
{[%clk 0:15:26]} 26. Bxe6 {[%clk 0:07:12]} Rxe6 {[%clk 0:15:51]} 27. Kd1
{[%clk 0:07:37]} Rd8 {[%clk 0:12:07]} 28. Re2 {[%clk 0:06:20]} a6
{[%clk 0:09:50]} 29. Rhe1 {[%clk 0:06:23]} Qh2 {[%clk 0:03:59]} 30. Qf5
{[%clk 0:05:28]} Red6 {[%clk 0:02:37]} 31. Qf3 {[%clk 0:05:14]} Na5
{[%clk 0:01:27]} 32. Ng4 {[%clk 0:04:11]} Qf4 {[%clk 0:01:55]} 33. Qxf4
{[%clk 0:04:33]} gxf4 {[%clk 0:02:23]} 34. Nh6 {[%clk 0:04:47]} R6d7
{[%clk 0:01:02]} 35. Nf5 {[%clk 0:04:33]} Nc4 {[%clk 0:01:01]} 36. Nxh4
{[%clk 0:03:06]} Rg7 {[%clk 0:01:14]} 37. Re8 {[%clk 0:03:18]} Rxe8
{[%clk 0:01:37]} 38. Rxe8+ {[%clk 0:03:47]} Ka7 {[%clk 0:02:07]} 39. Re6
{[%clk 0:01:05]} Nxb2+ {[%clk 0:02:19]} 40. Ke2 {[%clk 0:01:30]} Na4
{[%clk 0:02:33]} 41. Kd2 {[%clk 0:01:36]} Nb2 {[%clk 0:01:54]} 42. Rxf6
{[%clk 0:01:55]} Re7 {[%clk 0:02:23]} 43. Nf3 {[%clk 0:01:16]} Nc4+
{[%clk 0:02:52]} 44. Kd1 {[%clk 0:01:41]} Nb2+ {[%clk 0:03:16]} 45. Kc1
{[%clk 0:01:58]} Re2 {[%clk 0:03:13]} 46. Ne5 {[%clk 0:01:29]} Rxf2
{[%clk 0:02:35]} 47. Rf7 {[%clk 0:01:48]} Na4 {[%clk 0:02:05]} 48. Rxc7
{[%clk 0:02:01]} Rxg2 {[%clk 0:02:15]} 49. c4 {[%clk 0:01:32]} Nc3
{[%clk 0:00:54]} 50. c5 {[%clk 0:01:27]} Ne2+ {[%clk 0:01:15]} 51. Kd2
{[%clk 0:01:29]} Nxd4+ {[%clk 0:01:44]} 52. Kd3 {[%clk 0:01:57]} Kb8
{[%clk 0:01:30]} 53. Rf7 {[%clk 0:01:32]} Nc6 {[%clk 0:00:41]} 54. Nxc6+
{[%clk 0:01:30]} bxc6 {[%clk 0:01:10]} 55. Rxf4 {[%clk 0:01:58]} Rxa2
{[%clk 0:00:52]} 56. Rf8+ {[%clk 0:02:24]} Kc7 {[%clk 0:01:22]} 57. Rf7+
{[%clk 0:02:54]} Kd8 {[%clk 0:01:51]} 58. Rf6 {[%clk 0:01:34]} Kd7
{[%clk 0:02:16]} 59. Rf7+ {[%clk 0:02:00]} Kd8 {[%clk 0:02:34]} 60. Rf6
{[%clk 0:02:28]} Kd7 {[%clk 0:03:01]} 61. Rf7+ {[%clk 0:02:57]} Ke6
{[%clk 0:03:30]} 62. Rc7 {[%clk 0:03:14]} Ra3+ {[%clk 0:02:40]} 63. Kd4
{[%clk 0:03:31]} Ra4+ {[%clk 0:03:09]} 64. Kd3 {[%clk 0:04:00]} Ke5
{[%clk 0:03:17]} 65. Re7+ {[%clk 0:04:25]} Kf5 {[%clk 0:02:46]} 66. Rf7+
{[%clk 0:04:47]} Ke6 {[%clk 0:01:54]} 67. Rc7 {[%clk 0:05:15]} d4
{[%clk 0:02:14]} 68. Rxc6+ {[%clk 0:04:53]} Kd5 {[%clk 0:02:42]} 69. Rc8
{[%clk 0:04:45]} Ra3+ {[%clk 0:02:55]} 70. Kd2 {[%clk 0:04:45]} Kc4
{[%clk 0:02:08]} 71. c6 {[%clk 0:04:12]} Ra2+ {[%clk 0:00:58]} 72. Ke1
{[%clk 0:04:20]} Ra1+ {[%clk 0:00:41]} 73. Kd2 {[%clk 0:04:46]} Ra2+
{[%clk 0:01:00]} 74. Ke1 {[%clk 0:05:15]} Ra1+ {[%clk 0:00:32]} 75. Kd2
{[%clk 0:05:43]} Ra2+ {[%clk 0:00:44]} 1/2-1/2

[Event "Moscow Open 2018 F"]
[Site "?"]
[Date "2018.02.01"]
[Round "7.3"]
[White "Thing, Bibek"]
[Black "Kozionov, Kirill"]
[Result "0-1"]
[BlackElo "2423"]
[WhiteElo "2252"]
[LiveChessVersion "1.4.8"]

1. e4 {[%clk 1:29:49]} c5 {[%clk 1:30:47]} 2. c3 d5 {[%clk 1:31:09]} 3. exd5
{[%clk 1:28:54]} Qxd5 {[%clk 1:31:34]} 4. d4 {[%clk 1:29:18]} Nc6
{[%clk 1:32:14]} 5. Nf3 {[%clk 1:23:14]} Bf5 {[%clk 1:32:29]} 6. Be3
{[%clk 1:05:22]} Nf6 {[%clk 1:32:34]} 7. Qb3 cxd4 8. Nxd4 {[%clk 0:57:15]} Nxd4
{[%clk 1:32:56]} 9. Bxd4 {[%clk 0:57:08]} e5 {[%clk 1:33:14]} 10. Bb5+
{[%clk 0:47:35]} Bd7 {[%clk 1:33:14]} 11. Bxd7+ {[%clk 0:47:19]} Kxd7
{[%clk 1:33:26]} 12. Be3 {[%clk 0:47:19]} Qxg2 {[%clk 1:33:26]} 13. Qxf7+
{[%clk 0:44:52]} Be7 {[%clk 1:14:35]} 14. Rf1 {[%clk 0:40:58]} Rhf8
{[%clk 1:14:35]} 15. Qc4 {[%clk 0:40:58]} Rac8 {[%clk 1:14:35]} 16. Qe2
{[%clk 0:40:58]} Ng4 {[%clk 1:14:35]} 17. Nd2 {[%clk 0:40:58]} Nxh2
{[%clk 1:14:35]} 18. O-O-O {[%clk 0:40:58]} Nxf1 {[%clk 1:14:35]} 19. Nxf1+
{[%clk 0:40:58]} Ke6 {[%clk 1:14:35]} 20. Ng3 {[%clk 0:40:58]} Qf3
{[%clk 1:14:35]} 21. Qc2 {[%clk 0:40:58]} Rfd8 {[%clk 1:14:35]} 22. Qb3+
{[%clk 0:40:58]} Rd5 {[%clk 1:14:35]} 23. Re1 {[%clk 0:40:58]} b5
{[%clk 1:14:35]} 24. Bxa7 {[%clk 0:40:58]} Qd3 {[%clk 1:14:35]} 25. Be3
{[%clk 0:40:58]} b4 {[%clk 1:14:35]} 26. Qc2 {[%clk 0:40:58]} Qxc2+
{[%clk 1:14:35]} 27. Kxc2 {[%clk 0:40:58]} Bc5 {[%clk 1:14:35]} 28. Bxc5
{[%clk 0:40:58]} Rdxc5 {[%clk 1:14:35]} 29. Ne4 {[%clk 0:40:58]} Rd5
{[%clk 1:14:35]} 30. a3 {[%clk 0:40:58]} bxa3 {[%clk 1:14:35]} 31. b4
{[%clk 0:40:58]} Ra8 {[%clk 1:14:35]} 32. Kb3 {[%clk 0:00:47]} Kf5
{[%clk 0:05:00]} 33. c4 {[%clk 0:00:43]} Rd4 {[%clk 0:03:55]} 34. Nc3
{[%clk 0:00:39]} Rd2 {[%clk 0:03:55]} 35. c5 {[%clk 0:00:39]} Rb2+
{[%clk 0:03:55]} 36. Kc4 {[%clk 0:00:39]} a2 {[%clk 0:03:55]} 37. c6
{[%clk 0:00:39]} a1=Q {[%clk 0:03:55]} 38. Rxa1 {[%clk 0:00:39]} Rxa1
{[%clk 0:03:55]} 39. Kd4 0-1

[Event "Moscow Open 2018 F"]
[Site "?"]
[Date "2018.02.01"]
[Round "7.4"]
[White "Zakhartsov, Vladimir"]
[Black "Derevianchenko, Ilia"]
[Result "1-0"]
[BlackElo "2282"]
[WhiteElo "2472"]
[LiveChessVersion "1.4.8"]

1. e4 {[%clk 1:30:58]} c5 {[%clk 1:25:33]} 2. Nf3 {[%clk 1:31:22]} Nc6
{[%clk 1:25:39]} 3. Nc3 {[%clk 1:31:39]} e6 {[%clk 1:25:50]} 4. Bb5
{[%clk 1:31:37]} Qc7 {[%clk 1:24:17]} 5. O-O {[%clk 1:31:48]} a6 {[%clk 1:24:31]}
6. Bxc6 {[%clk 1:31:49]} Qxc6 {[%clk 1:24:55]} 7. d4 {[%clk 1:31:26]} cxd4
{[%clk 1:18:45]} 8. Qxd4 {[%clk 1:31:49]} d6 {[%clk 1:15:06]} 9. Rd1
{[%clk 1:31:58]} f6 {[%clk 1:04:40]} 10. Qd3 {[%clk 1:26:28]} b5 {[%clk 0:45:24]}
11. b3 {[%clk 1:25:25]} Bd7 {[%clk 0:41:37]} 12. Ba3 {[%clk 1:24:18]} Rc8
{[%clk 0:40:42]} 13. Bb4 {[%clk 1:24:20]} Qb6 {[%clk 0:34:30]} 14. Ne2
{[%clk 1:19:58]} a5 {[%clk 0:33:35]} 15. Bd2 {[%clk 1:13:33]} Ne7
{[%clk 0:25:58]} 16. Be3 {[%clk 1:13:32]} Qb7 {[%clk 0:26:27]} 17. c4
{[%clk 1:08:32]} bxc4 {[%clk 0:26:02]} 18. bxc4 {[%clk 1:08:57]} Nc6
{[%clk 0:18:48]} 19. a3 {[%clk 1:07:57]} Nb8 {[%clk 0:16:17]} 20. Rab1
{[%clk 1:06:08]} Qc7 {[%clk 0:16:17]} 21. Ned4 {[%clk 1:04:33]} Be7
{[%clk 0:09:10]} 22. Nb5 {[%clk 1:04:49]} Bxb5 {[%clk 0:09:34]} 23. cxb5
{[%clk 1:05:15]} Kf7 {[%clk 0:09:14]} 24. Rdc1 {[%clk 1:03:09]} Qb7
{[%clk 0:09:16]} 25. a4 {[%clk 1:03:11]} Nd7 {[%clk 0:09:35]} 26. h3
{[%clk 1:02:54]} Rxc1+ {[%clk 0:09:40]} 27. Rxc1 {[%clk 1:03:19]} Rc8
{[%clk 0:10:07]} 28. Rxc8 {[%clk 1:02:57]} Qxc8 {[%clk 0:10:37]} 29. Qd2
{[%clk 1:00:16]} Qc7 {[%clk 0:07:43]} 30. Nd4 {[%clk 0:59:54]} Nb6
{[%clk 0:07:31]} 31. Qxa5 {[%clk 0:59:54]} Qb7 {[%clk 0:02:40]} 32. Nc6
{[%clk 1:00:11]} Nc4 {[%clk 0:03:06]} 33. Qa7 {[%clk 1:00:34]} Qxa7 34. Bxa7
{[%clk 1:00:58]} d5 {[%clk 0:01:10]} 35. b6 {[%clk 1:00:27]} Bd6 {[%clk 0:00:51]}
36. exd5 {[%clk 1:00:39]} exd5 {[%clk 0:00:46]} 37. b7 {[%clk 1:01:03]} Ke6
{[%clk 0:00:37]} 38. b8=Q {[%clk 1:01:02]} Bxb8 {[%clk 0:01:06]} 39. Bxb8
{[%clk 1:01:23]} Kd7 {[%clk 0:01:10]} 40. Nd4 {[%clk 1:01:44]} Kc8
{[%clk 0:01:39]} 41. Bf4 {[%clk 1:02:05]} Kb7 {[%clk 0:02:06]} 42. Nb3
{[%clk 1:01:00]} Kc6 {[%clk 0:02:18]} 43. Kf1 {[%clk 1:01:00]} Nb2
{[%clk 0:01:31]} 44. a5 {[%clk 1:01:14]} Kb5 {[%clk 0:01:49]} 45. Bd2
{[%clk 1:00:55]} Nc4 {[%clk 0:01:44]} 46. Ke2 {[%clk 1:01:13]} Ne5
{[%clk 0:01:49]} 47. Nd4+ {[%clk 1:01:29]} 1-0